| 000 | 00566nam a2200217Ia 4500 | ||
|---|---|---|---|
| 003 | OSt | ||
| 005 | 20220923230705.0 | ||
| 006 | a|||||r|||| 00| 0 | ||
| 007 | ta | ||
| 008 | Pun | ||
| 024 | _a304,776 | ||
| 037 | _cTextual | ||
| 040 |
_aARTS _cARTS _bPun |
||
| 041 |
_2Pun _aPun |
||
| 082 | _aU8:5'N4, 153JO | ||
| 100 | _aਨਰਿੰਦਰ ਸਿੰਘ | ||
| 245 | 0 | _aਦੇਸਾਂ ਪ੍ਰਦੇਸਾਂ ਵਿਚੋ੍ਵ | |
| 260 | _c1950 | ||
| 942 |
_hU8:5'N4, 153JO _cTEXL _2CC |
||
| 999 |
_c386583 _d386583 |
||